00996nam a2200289ua 4500001001300000003000900013005001700022008004100039020001800080040002800098082002300126100001800149245011700167250003700284260004200321300002100363490002300384500002200407534004000429650005100469650005000520700002500570700003700595700002500632700002300657700002600680C01352199c-3CO-ViMGA20230915233612.0120706s2012 ck a gr 00010 spa d a9789583042812 aCO-ViMGAbspacCO-ViMGA04a609 221 ed.bW24i1 aWeis, Roland.10aInventos / cRoland Weis ; ilustraciones de Hauke Kock, Frank Kliemt ; traducción Paula Botero, Olga Martín. aEditor César A. Cardozo Tovar.3 aBogotá : bPanamericana Editorial,  a48 p. ; c28 cm.1 aCómo y por qué aIncluye índice. pTítulo original. : tErfindungen.14aHistoria de los inventosv Literatura juvenil.14aTecnologíax Historiav Literatura juvenil.1 aBotero, Paula, etr.1 aCardozo Tovar, César A., eed.1 aKliemt, Frank, eil.1 aKock, Hauke, eil.1 aMartín, Olga, etr.